00519nam a2200145Ia 4500008004100000020001800041082001900059100002200078245013300100260003500233300001700268650004300285650002600328700001900354220501s2021 xx 000 0 eng d a9789390219810 a658.4012 PRI-P aPrince, Jeffrey T 0aPredictive analytics for business strategy :breasoning from data to actionable knowledge /cJeffrey T. Prince and Amarnath Bose aChennai :bMcGraw Hill,c2021. axx, 360 p. ; aBusiness planning - Study and teaching aQuantitative research aBose, Amarnath